| 000 | 01294nam a22002537i 4500 | ||
|---|---|---|---|
| 999 |
_c23392 _d23392 |
||
| 003 | AR-CdUCM | ||
| 008 | 250904b20242024 pe||||| |||| 00| 0 spa d | ||
| 040 |
_aMUNICIPALIDAD PROVINCIAL DEL CUSCO _cBIBLIOTECA MUNICIPAL DEL CUSCO |
||
| 041 | _hspa | ||
| 082 |
_a985.613 / Q75 _bQ75 |
||
| 110 |
_aMunicipalidad provincial de Quispicanchi _951495 |
||
| 245 |
_aIntroducción a la historia de la provincia de Quispicanchi - Historia y tradición : _bColección Bicentenario de la Provincia de Quispicanchi / |
||
| 300 |
_a163 páginas. : _bIlustraciones _c21x15 cm. |
||
| 500 | _zPáginas: 150-160 | ||
| 505 | _aPrimeros habit6antes de Quispicanchi -- La presencia de Wari -- Las etnias de Quispicanchi -- Presencia inka -- Los curatos y sus y sus iglesias -- Haciendas y obrajes -- Los Tupac Amaru en Quispicanchi -- Creacion de la provincia de Quispicanchi -- Las cooperativas | ||
| 650 |
_aPrimeros habitantes de Calca _951496 |
||
| 650 |
_aPresencia inka _951497 |
||
| 650 |
_aIglesias _93380 |
||
| 650 |
_aCuratos _924995 |
||
| 650 |
_aLuchas campesinas _951498 |
||
| 650 |
_aCambios sociales _94340 |
||
| 942 |
_2ddc _cLIBROS |
||
| 945 |
_apbjr _d4-09-2025 |
||